Statistiques concernant La croisée des Mondes : Personnages

Cliquez ici pour prendre le quiz!

Statistiques générales

  • Ce quiz a été pris 6 fois
  • Le résultat moyen est 15 sur 17

Statistiques - réponses

HintRéponse% Correct
Deux anges rebelles en quête du poignard subtilBaruch et Balthamos
100%
Roi des ours en armure du SvalbardIorek Byrnison
100%
Aéronaute texan qui sillonne le grand nord avec son ballon dirigeableLee Scoresby
100%
Peuple intelligent et évolué à 4 pattes et une trompe, qui vivent en symbiose avec les arbres qui fournissent les cosses qu'ils utilisent comme rouesles Mulefa
100%
Enfant "orpheline" de 12 ans élevée au Jordan collège du monde des daemons. aventureuse et rebelle.Lyra Belacqua
100%
Femme très séduisante et ne reculant devant aucun crime ou action pour satisfaire son ambitionMarisa Coulter
100%
Daemon de Lyra, qui change d'apparence tant qu'elle est petite avant de se fixer comme martre des pinsPantalaimon
100%
Jeune garçon de cuisine du Jordan Collège. Ami de Lyra, enlevé par les EnfourneursRoger Parslow
100%
Reine des sorcières. Vole grâce à sa branche de sapinSerafina Pekkala
100%
Vieux gitan très respecté de son peuple. Attentif, perspicace et protecteurFarder Coram Van Texel
83%
Explorateur du grand nord de notre monde coincé dans un autre monde. Il y découvre son daemon et devient chaman avant de retrouver son filsJohn Parry /Stanislas Gruman
83%
Premier ange de l'univers. Se fait passer pour le dieu créateurl'Autorité
83%
Scientifique physicienne. Fait des recherches sur "la matière noire'" et les particules conscientesMary Malone
83%
Régent de l'autorité. Ange tyrannique et dictatorialMetatron
83%
Jeune garçon de notre monde. S'occupe de sa mère fragile depuis la mort de son père. Porteur du couteau sans l'avoir voulu.Will Parry
83%
Transfuge entre deux mondes. Son daemon est un serpent. Il aimerait s'emparer du poignard et de l'aléthiomètre
Lord Boreal / Charles Latrom
67%
Explorateur et scientifique. Rebelle à l'autorité religieuse du Magistérium. Voudrait instituer la "République des Cieux"Lord Asriel Belacqua
50%

Distribution des résultats

Percentile par nombre de réponses

% des personnes avec chaque résultat

Votre développement - résultats

Vous n’avez pas pris ce quiz